Statistics for Least Guessed General Knowledge #3

Click here to take the quiz!

General Stats

  • This quiz has been taken 30 times
  • The average score is 9 of 20

Answer Stats

HintAnswer% Correct
What city is directly across the border from Windsor, Ontario?Detroit
70%
What part of an automobile measures distance traveled?Odometer
63%
What country is Toussaint Louverture considered to be the father of?Haiti
60%
What country's largest city is Dar es Salaam?Tanzania
57%
What country has a population of over 150 million but has never won an Olympic medal?Bangladesh
53%
Who originally wrote the song "All Along the Watchtower", later covered by Jimi Hendrix?Bob Dylan
53%
What does a somnambulist do?Sleepwalk
53%
What is the largest island in the English Channel?Isle of Wight
50%
At a French McDonald's, what would they call a quarter pounder with cheese?Royal Cheese
50%
What book by Joseph Conrad was the inspiration for the movie "Apocalypse Now"?Heart of Darkness
47%
Grammatically speaking, the phrase "to boldly go" is a split __________Infinitive
47%
What word means "to drink" and is a homophone of the word coif?Quaff
47%
What chemical makes hot peppers hot?Capsaicin
40%
Who is the patron saint of lost causes?Saint Jude
40%
What dwarf planet, named after the Greek goddess of discord, is heavier than Pluto?Eris
37%
What city was built based on the 1791 plans of Pierre Charles L'Enfant?Washington D.C.
37%
What R&B artist first signed Justin Bieber?Usher
30%
What comedian gets "no respect"?Rodney Dangerfield
27%
What is Thomas A. Swift's Electric Rifle better known as?Taser
27%
What is a common word that means "sobriquet"?Nickname
17%

Score Distribution

Percentile by Number Answered

Percent of People with Each Score

Your Score History

You have not taken this quiz